| 000 | 01868cam a2200457 a 4500 | ||
|---|---|---|---|
| 001 | 16136920 | ||
| 003 | NUST - PNEC | ||
| 005 | 20170116180808.0 | ||
| 008 | 100316s2010 pk b 000 0 urd | ||
| 010 | _a 2010340603 | ||
| 020 | _a9789693208467 | ||
| 025 | _aP-U-2010340603; 06 | ||
| 040 |
_aDLC _cDLC _dDLC |
||
| 041 | 0 |
_aurd _aara |
|
| 042 |
_alcode _apcc |
||
| 050 | 0 | 0 |
_aBP190.5.T47 _bT335 2010 |
| 066 |
_c(3 _c(4 |
||
| 082 | _a297.3 TAH | ||
| 100 | 1 |
_6880-01 _a Tahirul Qadri _93192 |
|
| 245 | 1 | 0 |
_6880-02 _aDahshat gardI aur fitnah-e-khuraj _bSheikhul Islam Dr. Mohammad Tahirul Qadri |
| 250 |
_6880-03 _aIshāʻat 1. |
||
| 260 |
_6880-04 _aLahore _bMinhajul Qaran Publications, _c2010. |
||
| 300 |
_a605, [11] p. ; _c22 cm. |
||
| 504 | _aIncludes bibliographical references (p. 587-605). | ||
| 520 | _aCritical study of terrorism and suicide attacks an Islamic perspective; includes history of Kharijites. | ||
| 546 | _aUrdu; some in Arabic. | ||
| 650 | 0 |
_aTerrorism _xReligious aspects _xIslam. |
|
| 650 | 0 |
_aIslam _xGeneral _93194 |
|
| 650 | 0 |
_aReligious tolerance _xIslam. |
|
| 650 | 0 |
_aReligious pluralism _xIslam. |
|
| 650 | 0 | _aFatwas. | |
| 710 | 2 |
_6880-05 _aIdārah-yi Minhājulqurʼān. |
|
| 880 | 1 |
_6100-01/(3/r _aطاهر القادرى، محمّد. |
|
| 880 | 1 | 0 |
_6245-02/(3/r _aدهشتگردى اور فتنۀ خوارج : _bشيخ الاسلام ڈاکٹر محمّد طاهر القادرى کا مبسوط تاريخى فتوىٰ. |
| 880 |
_6250-03/(3/r _aاشاعت 1. |
||
| 880 |
_6260-04/(3/r _aلاهور : _bمنهاج القرآن پبليکيشنز، _c2010. |
||
| 880 | 2 |
_6710-05/(3/r _aادارۀ منهاج القرآن. |
|
| 906 |
_a7 _bcbc _corigode _d3 _encip _f20 _gy-nonroman |
||
| 942 |
_2ddc _cBK |
||
| 999 |
_c63294 _d63294 |
||